[Event "4. Open Stadium Casablanca"]
[Site "Zaragoza ESP"]
[Date "2010.12.30"]
[Round "8.10"]
[White "Accattato Martin, Mario"]
[Black "Oms Pallisse, Josep"]
[Result "0-1"]
[WhiteElo "2129"]
[BlackElo "2528"]
[PlyCount "76"]
[EventDate "2010.12.23"]
[EventRounds "9"]
[EventCountry "ESP"]
[Source "lmi"]
[SourceDate "2010.12.23"]

1. e4 e5 2. Nf3 Nc6 3. d4 exd4 4. Nxd4 Bb4+ 5. Nc3 Nf6 6. Nxc6 bxc6 7. Bd3 d5
8. exd5 O-O 9. O-O cxd5 10. Bg5 c6 11. Na4 Bd6 12. c3 h6 13. Bh4 Re8 14. b4 Bf4
15. Bg3 Bxg3 16. hxg3 Qd6 17. Qd2 Bg4 18. Nc5 Re7 19. Rfe1 Rae8 20. Kf1 Nd7 21.
Rxe7 Rxe7 22. Qf4 Qxf4 23. gxf4 Nxc5 24. bxc5 g5 25. fxg5 hxg5 26. Re1 Be6 27.
f3 Kg7 28. Kf2 Kf6 29. g3 Re8 30. a3 Rb8 31. Kg2 Rb5 32. Rb1 Rxb1 33. Bxb1 Ke5
34. Bd3 d4 35. c4 Bf5 36. Bxf5 Kxf5 37. Kf2 g4 38. Ke2 d3+ 0-1

[Event "4. Open Stadium Casablanca"]
[Site "Zaragoza ESP"]
[Date "2010.12.31"]
[Round "9.1"]
[White "Kogan, Artur"]
[Black "Forcen Esteban, Daniel"]
[Result "1/2-1/2"]
[WhiteElo "2535"]
[BlackElo "2367"]
[PlyCount "112"]
[EventDate "2010.12.23"]
[EventRounds "9"]
[EventCountry "ESP"]
[Source "lmi"]
[SourceDate "2010.12.23"]

1. d4 Nf6 2. Nf3 c5 3. d5 e6 4. Nc3 exd5 5. Nxd5 Nxd5 6. Qxd5 Be7 7. e4 Nc6 8.
Bc4 O-O 9. c3 d6 10. Qd3 Ne5 11. Nxe5 dxe5 12. Qxd8 Rxd8 13. Be3 Be6 14. Bxe6
fxe6 15. a4 a5 16. Ke2 Kf7 17. Rhd1 Ke8 18. g3 Rxd1 19. Rxd1 Rd8 20. Rxd8+ Kxd8
21. Kd3 Kd7 22. h4 h6 23. h5 Kc6 24. Kc4 b6 25. Bd2 Bf8 26. b4 Be7 27. bxa5
bxa5 28. Kd3 Bd8 29. f4 exf4 30. gxf4 Bc7 31. e5 Kd5 32. c4+ Kc6 33. Ke4 Kd7
34. f5 Ke7 35. Be3 Bb6 36. Bg1 Kf7 37. Bf2 Ke7 38. Kf4 Kf7 39. Kg4 Ke7 40. Be3
Kf7 41. Bd2 Bc7 42. Bf4 Bb6 43. Be3 Ke7 44. Bd2 Kf7 45. Be1 Ke7 46. f6+ Kf7 47.
Bd2 Kg8 48. Be3 Kf7 49. Bf2 Kg8 50. Bh4 Kf7 51. fxg7 Kxg7 52. Be7 Kf7 53. Bd6
Ke8 54. Kf4 Kf7 55. Ke4 Ke8 56. Bb8 Kf7 1/2-1/2

[Event "4. Open Stadium Casablanca"]
[Site "Zaragoza ESP"]
[Date "2010.12.31"]
[Round "9.2"]
[White "Korneev, Oleg"]
[Black "Gonzalez Perez, Arian"]
[Result "1/2-1/2"]
[WhiteElo "2582"]
[BlackElo "2435"]
[PlyCount "44"]
[EventDate "2010.12.23"]
[EventRounds "9"]
[EventCountry "ESP"]
[Source "lmi"]
[SourceDate "2010.12.23"]

1. e4 c5 2. Nf3 Nc6 3. d4 cxd4 4. Nxd4 Nf6 5. Nc3 e5 6. Ndb5 d6 7. Bg5 a6 8.
Na3 b5 9. Nd5 Be7 10. Bxf6 Bxf6 11. c3 O-O 12. Nc2 Bg5 13. a4 bxa4 14. Rxa4 a5
15. Bc4 Rb8 16. Ra2 Kh8 17. Nce3 g6 18. h4 Bxh4 19. g3 Bf6 20. f4 exf4 21. gxf4
Bg7 22. b3 Ne7 1/2-1/2

[Event "4. Open Stadium Casablanca"]
[Site "Zaragoza ESP"]
[Date "2010.12.31"]
[Round "9.3"]
[White "Delchev, Aleksander"]
[Black "Estremera Panos, Sergio"]
[Result "1-0"]
[WhiteElo "2621"]
[BlackElo "2352"]
[PlyCount "49"]
[EventDate "2010.12.23"]
[EventRounds "9"]
[EventCountry "ESP"]
[Source "lmi"]
[SourceDate "2010.12.23"]

1. d4 Nf6 2. c4 e6 3. Nf3 d5 4. Nc3 Bb4 5. cxd5 exd5 6. Bg5 c5 7. e3 Nbd7 8.
Be2 Qa5 9. O-O Bxc3 10. bxc3 c4 11. Qc2 Ne4 12. Rac1 Nxg5 13. Nxg5 Nf6 14. e4
h6 15. Nxf7 Kxf7 16. e5 Ne4 17. Bh5+ Kg8 18. f3 Ng5 19. h4 Ne6 20. f4 Qb6 21.
Rb1 Qd8 22. f5 Qxh4 23. Bf7+ Kxf7 24. fxe6+ Kg8 25. Qg6 1-0

[Event "4. Open Stadium Casablanca"]
[Site "Zaragoza ESP"]
[Date "2010.12.31"]
[Round "9.4"]
[White "Fernandez Rubio, Rafael"]
[Black "Franco Ocampos, Zenon"]
[Result "0-1"]
[WhiteElo "2044"]
[BlackElo "2517"]
[PlyCount "68"]
[EventDate "2010.12.23"]
[EventRounds "9"]
[EventCountry "ESP"]
[Source "lmi"]
[SourceDate "2010.12.23"]

1. f4 c5 2. Nf3 Nc6 3. b3 d5 4. e3 a6 5. a4 g6 6. Bb2 d4 7. Bc4 Bg7 8. O-O Nh6
9. Qe1 O-O 10. e4 e5 11. d3 exf4 12. Bc1 Nb4 13. Na3 Bd7 14. Bxf4 Be6 15. Bg5
Qd7 16. Qh4 Bxc4 17. Bxh6 Be6 18. Bxg7 Kxg7 19. Ng5 h6 20. Nxe6+ Qxe6 21. Rf3
f6 22. Raf1 Rae8 23. Qf4 Re7 24. R1f2 Nc6 25. Nc4 b5 26. axb5 axb5 27. Nd6 Ne5
28. Nf5+ gxf5 29. Rg3+ Kh7 30. exf5 Qd7 31. Rh3 Nf7 32. Rff3 Re1+ 33. Kf2 Qe7
34. Qd2 Re8 0-1

[Event "4. Open Stadium Casablanca"]
[Site "Zaragoza ESP"]
[Date "2010.12.31"]
[Round "9.5"]
[White "Adla, Diego"]
[Black "Cifuentes Parada, Roberto"]
[Result "1/2-1/2"]
[WhiteElo "2511"]
[BlackElo "2508"]
[PlyCount "77"]
[EventDate "2010.12.23"]
[EventRounds "9"]
[EventCountry "ESP"]
[Source "lmi"]
[SourceDate "2010.12.23"]

1. d4 d5 2. c4 c6 3. Nf3 Nf6 4. e3 e6 5. b3 Nbd7 6. Bd3 Bb4+ 7. Bd2 Bd6 8. Nc3
Qe7 9. Qc2 O-O 10. O-O e5 11. cxd5 cxd5 12. e4 exd4 13. Nxd5 Nxd5 14. exd5 Ne5
15. Nxe5 Qxe5 16. Bxh7+ Kh8 17. f4 Qxd5 18. Be4 Qc5 19. Qd3 Bd7 20. f5 Rae8 21.
Bf4 Be5 22. Rad1 Bf6 23. Rc1 Qb5 24. a4 Qxd3 25. Bxd3 Rc8 26. Rxc8 Rxc8 27. Rc1
Rxc1+ 28. Bxc1 Bc6 29. Kf2 Be5 30. h3 Kg8 31. g4 Kf8 32. Ba3+ Kg8 33. a5 b6 34.
axb6 axb6 35. g5 b5 36. g6 Bd5 37. Bxb5 Bxb3 38. Bd3 Bd5 39. Bc5 1/2-1/2

[Event "4. Open Stadium Casablanca"]
[Site "Zaragoza ESP"]
[Date "2010.12.31"]
[Round "9.6"]
[White "Castillo Sanjuan, Daniel"]
[Black "Corrales Jimenez, Fidel"]
[Result "0-1"]
[WhiteElo "1944"]
[BlackElo "2597"]
[PlyCount "74"]
[EventDate "2010.12.23"]
[EventRounds "9"]
[EventCountry "ESP"]
[Source "lmi"]
[SourceDate "2010.12.23"]

1. e4 c5 2. Nf3 d6 3. d4 cxd4 4. Nxd4 Nf6 5. Nc3 a6 6. f4 Qc7 7. a4 g6 8. h3
Bg7 9. Be3 O-O 10. Be2 Nc6 11. Nb3 Na5 12. Nxa5 Qxa5 13. O-O Be6 14. g4 Rac8
15. Bd3 Nd7 16. Rb1 Rfe8 17. b4 Qc7 18. Nd5 Bxd5 19. exd5 Nb6 20. Qf3 Nxa4 21.
f5 Rf8 22. h4 Nb2 23. Be4 Qc3 24. h5 Bd4 25. Bxd4 Qxd4+ 26. Kh1 Nc4 27. Rbd1
Qf6 28. Rf2 g5 29. Rb1 Ne5 30. Qg2 Rc4 31. b5 a5 32. b6 a4 33. Rff1 Ra8 34. Qe2
a3 35. Rb3 Raa4 36. Re3 a2 37. Bd3 Rxg4 0-1

[Event "4. Open Stadium Casablanca"]
[Site "Zaragoza ESP"]
[Date "2010.12.31"]
[Round "9.7"]
[White "Oms Pallisse, Josep"]
[Black "Lopez Gracia, Fernando"]
[Result "1-0"]
[WhiteElo "2528"]
[BlackElo "2319"]
[PlyCount "83"]
[EventDate "2010.12.23"]
[EventRounds "9"]
[EventCountry "ESP"]
[Source "lmi"]
[SourceDate "2010.12.23"]

1. c4 Nf6 2. Nc3 e5 3. Nf3 Nc6 4. e3 Bb4 5. Qc2 Bxc3 6. Qxc3 Qe7 7. d4 Ne4 8.
Qd3 exd4 9. Nxd4 Qb4+ 10. Ke2 Nc5 11. Qc2 O-O 12. b3 Nxd4+ 13. exd4 Re8+ 14.
Be3 d5 15. Qd2 Qxd2+ 16. Kxd2 Nd7 17. c5 h5 18. h3 Nf8 19. g4 hxg4 20. hxg4 Bd7
21. Bd3 f6 22. b4 Kf7 23. b5 Ne6 24. f4 Rh8 25. a4 c6 26. Kc3 Rae8 27. Rxh8
Rxh8 28. f5 Ng5 29. Bxg5 fxg5 30. a5 Rb8 31. Rb1 Rh8 32. Ra1 Rb8 33. Rb1 Rh8
34. a6 bxa6 35. b6 axb6 36. cxb6 Ke7 37. Kb4 Bc8 38. Kc5 Bb7 39. Re1+ Kd7 40.
f6 gxf6 41. Bf5+ Kd8 42. Kd6 1-0

[Event "4. Open Stadium Casablanca"]
[Site "Zaragoza ESP"]
[Date "2010.12.31"]
[Round "9.8"]
[White "Paunovic, Dragan"]
[Black "Romon Poves, Raul"]
[Result "1-0"]
[WhiteElo "2526"]
[BlackElo "2283"]
[PlyCount "95"]
[EventDate "2010.12.23"]
[EventRounds "9"]
[EventCountry "ESP"]
[Source "lmi"]
[SourceDate "2010.12.23"]

1. Nf3 Nf6 2. g3 g6 3. Bg2 Bg7 4. c4 O-O 5. O-O d6 6. Nc3 Nc6 7. d3 h6 8. Rb1
e5 9. b4 Be6 10. b5 Ne7 11. a4 Qd7 12. Bb2 Bh3 13. c5 Bxg2 14. Kxg2 Nh7 15.
cxd6 cxd6 16. Qb3 Kh8 17. Ba3 f5 18. Nd5 g5 19. Rfc1 Rfc8 20. Nxe7 Qxe7 21. Nd2
Qd7 22. Nc4 Bf8 23. b6 Qe6 24. Ne3 Qxb3 25. Rxb3 Rxc1 26. Bxc1 f4 27. Nc4 axb6
28. Nxb6 Ra6 29. Bd2 Nf6 30. a5 d5 31. Rb5 fxg3 32. hxg3 e4 33. Nxd5 Nxd5 34.
Rxd5 exd3 35. Rxd3 Rd6 36. Rxd6 Bxd6 37. g4 Kg7 38. Kf3 Kg6 39. Ke4 h5 40.
gxh5+ Kxh5 41. f3 g4 42. fxg4+ Kxg4 43. Kd5 Ba3 44. Ke6 Kg3 45. Kd7 Kf2 46. e4
Ke2 47. Kc7 Kd3 48. Kxb7 1-0

[Event "4. Open Stadium Casablanca"]
[Site "Zaragoza ESP"]
[Date "2010.12.31"]
[Round "9.9"]
[White "Garza Marco, Sergio"]
[Black "Calzetta Ruiz, Monica"]
[Result "1-0"]
[WhiteElo "2442"]
[BlackElo "2284"]
[PlyCount "63"]
[EventDate "2010.12.23"]
[EventRounds "9"]
[EventCountry "ESP"]
[Source "lmi"]
[SourceDate "2010.12.23"]

1. d4 Nf6 2. c4 c5 3. d5 b5 4. cxb5 a6 5. bxa6 Bxa6 6. Nc3 g6 7. g3 d6 8. Bg2
Bg7 9. Nf3 Nbd7 10. Rb1 Nb6 11. b3 Bb7 12. Nh4 O-O 13. O-O Qd7 14. a4 Rfc8 15.
e4 Ne8 16. Ne2 Ba6 17. Re1 Nf6 18. h3 Rab8 19. Bb2 Qa7 20. Nc3 Nfd7 21. Ba1 Ne5
22. Bf1 Bxf1 23. Rxf1 c4 24. Nb5 Qa6 25. f4 cxb3 26. fxe5 Nxa4 27. Qxb3 Nc5 28.
Qf3 Rxb5 29. Qxf7+ Kh8 30. exd6 Bxa1 31. dxe7 Rxb1 32. Qf8+ 1-0